| 000 | 00644nam a2200205 a 4500 | ||
|---|---|---|---|
| 001 | 000047420 | ||
| 005 | 20201002060529.0 | ||
| 008 | 130708s1999 dr 000 0 spa d | ||
| 020 | _a9768160691 | ||
| 040 |
_aDO-SdBNP _bspa _cBNPHU |
||
| 082 |
_axxx _bL255 |
||
| 100 | 1 |
_aLander, AStrid _d1962- _975056 |
|
| 245 | 1 | 0 |
_aSe es : _b(poemas novelados) / _cAstrid Lander. |
| 260 |
_aSanto Domingo : _bGente, _c1999. |
||
| 300 |
_a47 p. ; _c22 cm. |
||
| 490 | 1 |
_aEspacios culturales ; _v8 ; |
|
| 500 | _aIncluye datos biográficos del autor en la solapa de la cubierta | ||
| 590 | _aInventariado, 2018/ YL | ||
| 830 | 0 |
_aEspacios culturales _n8 _975057 |
|
| 999 |
_c46908 _d46908 |
||